PROFESSIONAL studies in primary education

Shranjeno v:
Bibliografske podrobnosti
Glavni avtor: edited by Cooper, Hilary
Format: Knjiga
Jezik:angleščina
Izdano: Sage 2014
Oznake: Označite
Brez oznak, prvi označite!

MARC

LEADER 00000nam a22000007a 4500
008 210125b ||||| |||| 00| 0 eng d
020 |a 978-1-4462-8076-8 
100 |a edited by Cooper, Hilary 
245 |a PROFESSIONAL studies in primary education  |c edited by Hilary Cooper.  |g xviii; 385p.; ill. 
250 |b 2nd ed. 
260 |b Sage  |c 2014  |h Los Angeles  |i 692366  |i 692367  |l LB1556.7 .P94  |m Elementary school teaching – Great Britain - Textbooks  |m Education, Elementary – Great Britain – Textbooks 
942 |a lcc  |c BK  |e YUNUSA, A.A.  |f 25/01/2021 
952 |0 0  |1 0  |2 lcc  |4 0  |6 LB15567 P94  |7 0  |9 1791  |a HOL  |b ED  |c LP  |d 2021-01-25  |l 0  |o LB1556.7 .P94  |p 2021-0567  |r 2021-01-25 00:00:00  |w 2021-01-25  |y BK 
952 |0 0  |1 0  |2 lcc  |4 0  |6 LB15567 P94  |7 0  |9 1792  |a HOL  |b HOL  |c LP  |d 2021-01-25  |l 0  |o LB1556.7 .P94  |p 2021-0568  |r 2021-01-25 00:00:00  |w 2021-01-25  |y BK 
999 |c 946  |d 946